Mechanisms of infectious diseases 1986 - 87
Sparad:
| Materialtyp: | Bok |
|---|---|
| Språk: | Undetermined |
| Publicerad: |
Wisconsin - Madison
Health Sciences
1986
|
| Ämnen: | |
| Taggar: |
Lägg till en tagg
Inga taggar, Lägg till första taggen!
|
| Thư viện lưu trữ: | Trung tâm Học liệu Trường Đại học Cần Thơ |
|---|
| LEADER | 00437nam a2200145Ia 4500 | ||
|---|---|---|---|
| 001 | CTU_45941 | ||
| 008 | 210402s9999 xx 000 0 und d | ||
| 082 | |a 616.9072 | ||
| 082 | |b M486 | ||
| 245 | 0 | |a Mechanisms of infectious diseases 1986 - 87 | |
| 260 | |a Wisconsin - Madison | ||
| 260 | |b Health Sciences | ||
| 260 | |c 1986 | ||
| 650 | |a infectious diseases,medical microbiology | ||
| 980 | |a Trung tâm Học liệu Trường Đại học Cần Thơ | ||